All 1M C Cities on a Map - Statistics

General Stats
  • This quiz has been taken 371 times
  • The average score is 23 of 43
Answers on the Map
Answers color-coded by a green-red scale on the quiz's map according to % correct below.
 
Answer Stats
City % Correct
Cape Town
96%
Chicago
96%
Cairo
94%
Copenhagen
94%
Casablanca
93%
Caracas
91%
Calgary
90%
Cologne
88%
Colombo
85%
Cincinnati
84%
Cleveland
83%
Charlotte
81%
Columbus
81%
Chennai
80%
Cali
76%
Conakry
75%
Chengdu
74%
Chittagong
67%
Chongqing
67%
Córdoba
67%
Cebu
64%
Curitiba
58%
Cartagena
55%
Ciudad Juárez
54%
Cotonou
54%
Chelyabinsk
52%
Changsha
46%
Cape Coral
40%
Campinas
39%
Cochabamba
34%
Changchun
33%
Coimbatore
31%
Chandīgarh
22%
Cixi
20%
Chon Buri
14%
Changwon
13%
Cuernavaca
12%
Cirebon
10%
Changde
7%
Changshu
7%
Chifeng
7%
Cangnan
6%
Changzhi
2%
No matching quizzes found
Score Distribution
Percent of People with Each Score
Percentile by Number Answered
Your Score History
You have not taken this quiz